000 00528nam a2200121Ia 4500
008 171212s9999 xx 000 0 und d
020 _a9780833093127
100 _aAblon, Lillian;Heaton, Paul;Lavery, Diana Catherine;Romanosky, Sasha
245 _cAblon, Lillian;Heaton, Paul;Lavery, Diana Catherine;Romanosky, Sasha
_aConsumer Attitudes Toward Data Breach Notifications and Loss of Personal Information
260 _bRAND Corporation
_c2016
650 _aHealth Sciences
856 _uhttp://jstor.org/stable/10.7249/j.ctt1bz3vwh
999 _c351888
_d351888